Statistiken für Bonn: Im Ausland geborene Bevölkerung

Klicken Sie hier um das Quiz zu spielen!

Allgemein

  • Dieses Quiz wurde 90 mal gespielt
  • Das Durchschnittsergebnis liegt bei 15 aus 20

Antwortstatistiken

EinwohnerLänder% Korrekt
5.139Türkei
97%
2.484Polen
92%
1.449Russland
89%
7.229Syrien
87%
995USA
86%
1.631China
85%
1.228Frankreich
85%
2.513Spanien
85%
2.684Italien
82%
941Iran
75%
841Afghanistan
73%
1.223Irak
73%
963Griechenland
72%
2.093Indien
71%
1.520Marokko
70%
862Portugal
65%
967Kroatien
63%
1.788Rumänien
62%
1.397Bulgarien
53%
1.237Kosovo
33%

Verteilung der Resultate

Perzentil nach korrekt beantworteten Fragen

Anzahl Personen mit jedem Resultat

Ihre Resultats-Entwicklung

Sie haben dieses Quiz noch nicht gespielt